<?xml version="1.0" encoding="UTF-8"?>
<collection xmlns="http://www.loc.gov/MARC21/slim">
 <record>
  <leader>06603nam a2200481 a 4500</leader>
  <controlfield tag="001">kal3174</controlfield>
  <controlfield tag="003">Gr-AtHEAL</controlfield>
  <controlfield tag="005">20160505112535.0</controlfield>
  <controlfield tag="006">m        d        </controlfield>
  <controlfield tag="008">160413s2015    gr      s           gre|c</controlfield>
  <datafield tag="020" ind1=" " ind2=" ">
   <subfield code="a">9789606032158</subfield>
  </datafield>
  <datafield tag="040" ind1=" " ind2=" ">
   <subfield code="a">GR-AtHEAL</subfield>
   <subfield code="b">gre</subfield>
   <subfield code="c">GR-AtHEAL</subfield>
  </datafield>
  <datafield tag="082" ind1="0" ind2="4">
   <subfield code="a">791</subfield>
   <subfield code="2">23</subfield>
  </datafield>
  <datafield tag="100" ind1="1" ind2=" ">
   <subfield code="a">Ντάφλος, Κωνσταντίνος.</subfield>
   <subfield code="8">2245</subfield>
  </datafield>
  <datafield tag="245" ind1="1" ind2="0">
   <subfield code="a">Επιτελεστικές πρακτικές τέχνης</subfield>
   <subfield code="h">[Ηλεκτρονικός πόρος] </subfield>
   <subfield code="b">Διαδικασίες συγκρότησης κοινών τόπων: δρώντα πρόσωπα</subfield>
   <subfield code="c">Ντάφλος, Κωνσταντίνος ; Κριτικός αναγνώστης,Κούρος, Παναγιώτης-Αντώνιος ; Γραφιστική επιμέλεια,Γαζετάς, Νίκος ; Τεχνική επιμέλεια,Γαζετάς, Νίκος ; Γλωσσική επιμέλεια,Ξιφαρά, Φωτεινή.</subfield>
  </datafield>
  <datafield tag="260" ind1=" " ind2=" ">
   <subfield code="a">Αθήνα :</subfield>
   <subfield code="b">Σύνδεσμος Ελληνικών Ακαδημαϊκών Βιβλιοθηκών,</subfield>
   <subfield code="c">c2015.</subfield>
  </datafield>
  <datafield tag="490" ind1=" " ind2=" ">
   <subfield code="a">Ακαδημαϊκά Ηλεκτρονικά Συγγράμματα και Βοηθήματα Κάλλιπος</subfield>
   <subfield code="8">40</subfield>
  </datafield>
  <datafield tag="520" ind1=" " ind2=" ">
   <subfield code="a">Το βιβλίο παρουσιάζει την ιστορική διαδικασία συγκρότησης (λογοτεχνία) και τα όρια της κεντρικής έννοιας διαλογική τέχνη, παρουσιάζοντας την αρχιτεκτονική των διαλογικών εικαστικών πρακτικών, τις ιστορικές μορφές της διαλογικής αισθητικής και ηθικής. Ερευνά την φιλοσοφική ψυχολογική κοινωνική συνθήκη του διαλόγου στον υποκειμενικό και τον διυποκειμενικό χώρο, Εγώ-Εσύ, Εγώ –αυτό, Εγώ-εαυτός, Εγώ-άλλος, εμείς-αυτοί, στις συλλογικές εικαστικές τακτικές (συμμετοχικές, συνεργατικές, κοινοτιστικές, σχεσιακές) που υποστήριξαν εννοιολογικά μορφές τέχνης, προσανατολισμένες ή βασισμένες στον διάλογο. Ο χώρος, επιτελεστικά παραγόμενος μέσα από αναπτυσσόμενες διαλογικές σχέσεις αντικείμενων-σωμάτων-τόπων, έχει επίπτωση στα υποκείμενα από τα οποία παράγεται, παράγοντας τα ίδια αυτά τα υποκείμενα μέσα από την σχεσιακότητά τους. Ο επιτελεστικός διαλογικός χώρος (-μεταξύ) σχηματοποιεί χωρικές /χρονικές δομές συνάρθρωσης και διαμοιρασμού της παρουσίας σε κοινούς-και-σε-απόσταση τόπους.Οι μορφές διαλογικότητας στην πραγματική ζωή, εμποτίζονται σε καταστάσεις στάσης-μετακίνησης (όπως το παράσιτο) στις μορφές ενός εντοπισμένου δικτυωμένου οδοιπορικού σε διάλογο. Παρουσιάζονται οριζόντια συλλογικά μοντέλα εικαστικών πρακτικών (συνεργατικά, συμμετοχικά, κοινοτιστικά, σχεσιακά) μπορούν να υποστηρίξουν διυποκειμενικούς κοινούς-και-σε-απόσταση διαλογικούς τόπους (όχι ουσιοκρατική κοινότητα που συγκροτεί την ταυτότητά της στη διαφορά της με το Άλλο) πάνω στο ενδεχόμενο της ανταλλαγής και του διαμοιρασμού της επικοινωνίας ανοικτής πηγής (ως εναλλακτικές απέναντι στο μονολογικό, μονοφωνικό έργο τέχνης).-Οι επιτελεστικές (DIY) σωματικές πρακτικές στην τέχνη ανακατασκευάζουν το υποκείμενο διαλογικά μέσα από προσωρινές πολλαπλές ρευστές ταυτότητες.-Οι διαλογικές εικαστικές παρεμβάσεις επινοούν αποσπάσματα ασταθών ρευστών δικτυωμένων τόπων-σε-κίνηση και σε αλληλουχία στον δημόσιο χώρο παράλληλα ανακατασκευάζοντας προσωρινά την ταυτότητα.</subfield>
  </datafield>
  <datafield tag="530" ind1=" " ind2=" ">
   <subfield code="a">Επίσης διαθέσιμο σε έντυπη μορφή.</subfield>
  </datafield>
  <datafield tag="650" ind1=" " ind2="0">
   <subfield code="a">Performing arts</subfield>
   <subfield code="8">2773</subfield>
  </datafield>
  <datafield tag="653" ind1=" " ind2=" ">
   <subfield code="a">Διυποκειμενικότητα</subfield>
  </datafield>
  <datafield tag="653" ind1=" " ind2=" ">
   <subfield code="a">Δημόσιος χώρος</subfield>
  </datafield>
  <datafield tag="653" ind1=" " ind2=" ">
   <subfield code="a">Κοινοί τόποι</subfield>
  </datafield>
  <datafield tag="653" ind1=" " ind2=" ">
   <subfield code="a">Διευρυμένο πεδίο</subfield>
  </datafield>
  <datafield tag="653" ind1=" " ind2=" ">
   <subfield code="a">Διευρυμένος κινηματογράφος</subfield>
  </datafield>
  <datafield tag="653" ind1=" " ind2=" ">
   <subfield code="a">Περφόρμανς</subfield>
  </datafield>
  <datafield tag="653" ind1=" " ind2=" ">
   <subfield code="a">Σωματικές επιτελεστικές δράσεις</subfield>
  </datafield>
  <datafield tag="653" ind1=" " ind2=" ">
   <subfield code="a">Διαλογικότητα</subfield>
  </datafield>
  <datafield tag="653" ind1=" " ind2=" ">
   <subfield code="a">Διαδραστικότητα</subfield>
  </datafield>
  <datafield tag="653" ind1=" " ind2=" ">
   <subfield code="a">Κοινοτιστικότητα</subfield>
  </datafield>
  <datafield tag="653" ind1=" " ind2=" ">
   <subfield code="a">Σχεσιακότητα</subfield>
  </datafield>
  <datafield tag="653" ind1=" " ind2=" ">
   <subfield code="a">Συμμετοχικότητα</subfield>
  </datafield>
  <datafield tag="653" ind1=" " ind2=" ">
   <subfield code="a">Συνεργατικότητα</subfield>
  </datafield>
  <datafield tag="653" ind1=" " ind2=" ">
   <subfield code="a">Τέχνες και γράμματα</subfield>
   <subfield code="a">Εικαστικές τέχνες</subfield>
   <subfield code="a">Αρχιτεκτονική</subfield>
  </datafield>
  <datafield tag="653" ind1=" " ind2=" ">
   <subfield code="a">Τέχνες και γράμματα</subfield>
   <subfield code="a">Τέχνες</subfield>
   <subfield code="a">Καλλιτεχνικά κινήματα</subfield>
  </datafield>
  <datafield tag="653" ind1=" " ind2=" ">
   <subfield code="a">Τέχνες και γράμματα</subfield>
   <subfield code="a">Τέχνες του θεάματος</subfield>
  </datafield>
  <datafield tag="700" ind1="1" ind2=" ">
   <subfield code="a">Κούρος, Παναγιώτης-Αντώνιος</subfield>
   <subfield code="e">Κριτικός αναγνώστης</subfield>
   <subfield code="8">2248</subfield>
  </datafield>
  <datafield tag="776" ind1="1" ind2=" ">
   <subfield code="i">έντυπη </subfield>
   <subfield code="t">Επιτελεστικές πρακτικές τέχνης: διαδικασίες συγκρότησης κοινών τόπων: δρώντα πρόσωπα</subfield>
   <subfield code="z">9789606032158.</subfield>
  </datafield>
  <datafield tag="856" ind1="4" ind2="0">
   <subfield code="u">http://hdl.handle.net/11419/3174</subfield>
   <subfield code="z">Πλήρες Κείμενο - Full text</subfield>
  </datafield>
  <datafield tag="907" ind1=" " ind2=" ">
   <subfield code="a">.b25678620</subfield>
   <subfield code="b">12-06-18</subfield>
   <subfield code="c">29-07-16</subfield>
  </datafield>
  <datafield tag="949" ind1=" " ind2=" ">
   <subfield code="0">0</subfield>
   <subfield code="1">0</subfield>
   <subfield code="2">ddc</subfield>
   <subfield code="4">0</subfield>
   <subfield code="6">791_000000000000000_ΝΤΑ</subfield>
   <subfield code="7">0</subfield>
   <subfield code="8">KALL</subfield>
   <subfield code="8">621</subfield>
   <subfield code="d">2016-04-13</subfield>
   <subfield code="r">2016-04-13</subfield>
   <subfield code="w">2016-04-13</subfield>
   <subfield code="z">791 ΝΤΑ</subfield>
   <subfield code="o">SEAB KALLIPOS</subfield>
  </datafield>
  <datafield tag="998" ind1=" " ind2=" ">
   <subfield code="a">80</subfield>
   <subfield code="a">01</subfield>
   <subfield code="a">02</subfield>
   <subfield code="a">03</subfield>
   <subfield code="a">04</subfield>
   <subfield code="a">05</subfield>
   <subfield code="a">06</subfield>
   <subfield code="a">07</subfield>
   <subfield code="a">08</subfield>
   <subfield code="a">09</subfield>
   <subfield code="a">10</subfield>
   <subfield code="a">11</subfield>
   <subfield code="a">12</subfield>
   <subfield code="a">13</subfield>
   <subfield code="a">14</subfield>
   <subfield code="a">15</subfield>
   <subfield code="a">16</subfield>
   <subfield code="a">17</subfield>
   <subfield code="a">18</subfield>
   <subfield code="a">19</subfield>
   <subfield code="a">20</subfield>
   <subfield code="a">21</subfield>
   <subfield code="a">22</subfield>
   <subfield code="a">23</subfield>
   <subfield code="a">24</subfield>
   <subfield code="a">25</subfield>
   <subfield code="a">26</subfield>
   <subfield code="b">10-05-17</subfield>
   <subfield code="c">m</subfield>
   <subfield code="d">z  </subfield>
   <subfield code="e">-</subfield>
   <subfield code="f">gre</subfield>
   <subfield code="g">gr </subfield>
   <subfield code="h">0</subfield>
  </datafield>
  <datafield tag="942" ind1=" " ind2=" ">
   <subfield code="2">ddc</subfield>
   <subfield code="c">KALLIPOS</subfield>
  </datafield>
 </record>
</collection>
